000 00664cam a2200205 4500
001 2890
005 20181127170006.0
008 990224s1998 caua b s001 0 eng
010 _a 99177015
020 _a0099286386
100 1 _aDalby, Liza Crihfield.
245 1 0 _aGeisha /
_cLiza Crihfield Dalby.
260 _aLondon :
_bVintage,
_c2000.
300 _axix, 347 p. :
_bill. ;
_c21 cm.
500 _aIncludes index.
504 _aBibliography: p. 337-339.
520 _aDiscusses the geisha--practitioners of music and dance and unmarried companions to the Japanese male elite
650 0 _aGeishas.
651 _aJapan -- Social life and customs.
_v
_x
_y
_z
_2
999 _c2318
_d2318